[Event "Barcelona Sant Marti op-B 23rd"]
[Site "Barcelona"]
[Date "2023.07.13"]
[Round "1"]
[White "Jimenez Molina, Victor"]
[Black "San Isidoro Castillo, Jose"]
[Result "1-0"]
[WhiteElo "1677"]
[BlackElo "1299"]
[PlyCount "59"]
[EventDate "2023.07.13"]
[EventType "swiss"]
[EventRounds "9"]
[EventCountry "ESP"]
[SourceTitle "CBM 215 Extra"]
[Source "ChessBase"]
[SourceDate "2023.09.30"]
[SourceVersion "1"]
[SourceVersionDate "2023.09.30"]
[SourceQuality "1"]

1. g3 d5 2. Bg2 Nf6 3. d4 e6 4. c4 c6 5. Nf3 Bd6 6. 0-0 0-0 7. Re1 Nbd7 8. Nc3 Qc7 9. Qc2 dxc4 10. e4 e5 11. b3 Re8 12. bxc4 exd4 13. Nxd4 Bc5 14. Nb3 Bb4 15. a3 Bf8 16. f4 Nc5 17. Nd2 h6 18. e5 Nh7 19. Bb2 g6 20. Rad1 Bf5 21. Nde4 Rad8 22. Qe2 Rxd1 23. Rxd1 Qb6 24. Kh1 Nxe4 25. Nxe4 Rd8 26. Nd6 Bxd6 27. exd6 c5 28. Bd5 Nf6 29. Bxf6 Rxd6 30. Qe8+ 1-0

[Event "Sant Adria de Besos op-B 3rd"]
[Site "Sant Adria de Besos"]
[Date "2019.08.16"]
[Round "3"]
[White "Jimenez Molina, Victor"]
[Black "Peiron Lluch, Jose Daniel"]
[Result "0-1"]
[WhiteElo "1581"]
[BlackElo "1843"]
[PlyCount "94"]
[EventDate "2019.08.14"]
[EventType "swiss"]
[EventRounds "9"]
[EventCountry "ESP"]
[SourceTitle "EXT 2020"]
[Source "ChessBase"]
[SourceDate "2019.10.17"]
[SourceVersion "1"]
[SourceVersionDate "2019.10.17"]
[SourceQuality "1"]

1. g3 d6 2. Nf3 e5 3. d3 f5 4. Bg2 Nf6 5. c4 Be7 6. Nc3 c6 7. c5 Na6 8. cxd6 Bxd6 9. Bd2 Qe7 10. 0-0 Nc7 11. Rc1 Be6 12. Re1 0-0 13. Ng5 h6 14. Nxe6 Nxe6 15. e4 fxe4 16. Bxe4 Bc5 17. Be3 Nxe4 18. Nxe4 Bb6 19. Qb3 Kh8 20. Bxb6 axb6 21. Nc3 Nd4 22. Qxb6 Nf3+ 23. Kg2 Nxe1+ 24. Rxe1 Rad8 25. Re3 Qf7 26. Ne4 Rd4 27. a4 Qf5 28. a5 Rxd3 29. Qc5 Rd4 30. Kg1 Rd5 31. Qa3 Rfd8 32. Kg2 Rd4 33. Nc5 Rf8 34. Nd3 e4 35. Nf4 Kh7 36. Qc3 c5 37. f3 exf3+ 38. Rxf3 g5 39. b4 gxf4 40. bxc5 Qe4 41. Kh3 Rc4 42. Qa3 Rf5 43. Kg2 Rc2+ 44. Kg1 Rd5 45. gxf4 Rd1+ 46. Rf1 Rxf1+ 47. Kxf1 Qxf4+ 0-1

[Event "Badalona Castella op-B 45th"]
[Site "Badalona"]
[Date "2019.08.10"]
[Round "9.3"]
[White "Walter Travella, German"]
[Black "Jimenez Molina, Victor"]
[Result "1/2-1/2"]
[WhiteElo "1940"]
[BlackElo "1581"]
[PlyCount "92"]
[EventDate "2019.08.02"]
[EventType "swiss"]
[EventRounds "9"]
[EventCountry "ESP"]
[SourceTitle "EXT 2024"]
[Source "ChessBase"]
[SourceDate "2023.10.10"]
[SourceVersion "1"]
[SourceVersionDate "2023.10.10"]
[SourceQuality "1"]

1. e4 e6 2. d4 c5 3. Nf3 cxd4 4. Nxd4 a6 5. Bd3 Qc7 6. Be3 Nf6 7. Qd2 Ng4 8. Bf4 e5 9. Bg3 d6 10. Nf3 Nc6 11. c3 Be7 12. Na3 0-0 13. Nc2 Qb6 14. h3 Nf6 15. Ne3 Be6 16. Bh4 Rfd8 17. Bxf6 Bxf6 18. Nd5 Bxd5 19. exd5 Ne7 20. Be4 Ng6 21. g3 Ne7 22. g4 g6 23. 0-0-0 Bg7 24. Rdg1 Rdc8 25. h4 Rc4 26. Bc2 Qc5 27. Bb3 Rf4 28. Rg3 f5 29. g5 b5 30. Kb1 a5 31. a3 b4 32. cxb4 axb4 33. Rc1 Qa5 34. axb4 Qxb4 35. Qxb4 Rxb4 36. Nd2 Rab8 37. Rc7 Kf8 38. Rgc3 Rxh4 39. Rd7 Rd4 40. Kc2 Nxd5 41. Bxd5 Rxd5 42. b4 e4 43. Rcc7 Be5 44. Nc4 Re8 45. Nxd6 Rxd6 46. Rxh7 Red8 1/2-1/2

[Event "Barcelona Sant Marti op-B 21st"]
[Site "Barcelona"]
[Date "2019.07.20"]
[Round "8"]
[White "Jimenez Molina, Victor"]
[Black "Bermejo Cuadra, Robert"]
[Result "1-0"]
[WhiteElo "1592"]
[BlackElo "1214"]
[PlyCount "33"]
[EventDate "2019.07.13"]
[EventType "swiss"]
[EventRounds "9"]
[EventCountry "ESP"]
[SourceTitle "EXT 2020"]
[Source "ChessBase"]
[SourceDate "2019.10.17"]
[SourceVersion "1"]
[SourceVersionDate "2019.10.17"]
[SourceQuality "1"]

1. g3 Nc6 2. Bg2 d6 3. d4 Bf5 4. e4 Bc8 5. c4 e5 6. d5 Nce7 7. Bg5 h6 8. Be3 f5 9. Nc3 Nf6 10. Qc2 a6 11. Nf3 fxe4 12. Nh4 g5 13. Nxe4 Nxe4 14. Bxe4 gxh4 15. Bg6+ Nxg6 16. Qxg6+ Kd7 17. Qe6# 1-0

[Event "Barcelona Sant Marti op-B 21st"]
[Site "Barcelona"]
[Date "2019.07.19"]
[Round "7"]
[White "Chen, Siyuan"]
[Black "Jimenez Molina, Victor"]
[Result "1-0"]
[WhiteElo "1284"]
[BlackElo "1592"]
[PlyCount "91"]
[EventDate "2019.07.13"]
[EventType "swiss"]
[EventRounds "9"]
[EventCountry "ESP"]
[SourceTitle "EXT 2020"]
[Source "ChessBase"]
[SourceDate "2019.10.17"]
[SourceVersion "1"]
[SourceVersionDate "2019.10.17"]
[SourceQuality "1"]

1. e4 e6 2. d4 c5 3. c4 cxd4 4. Nf3 Qa5+ 5. Bd2 Qb6 6. Qb3 Bc5 7. Na3 Nc6 8. Qxb6 Bxb6 9. Bd3 Nf6 10. Rc1 a6 11. h3 d6 12. 0-0 Nd7 13. Bf4 e5 14. Bd2 Nc5 15. Bb1 0-0 16. b4 Ne6 17. b5 Ne7 18. bxa6 Rxa6 19. Nb5 Bc5 20. Ne1 Bd7 21. Nd3 Bxb5 22. cxb5 Ra3 23. f4 f6 24. f5 Nc7 25. Nxc5 dxc5 26. Rxc5 Ne8 27. Bc2 b6 28. Rc4 Rxa2 29. Bb3 Rb2 30. Rc3+ Kh8 31. Rd3 Nd6 32. Bb4 Nec8 33. Rc1 Rd8 34. Re1 Nxb5 35. Rc1 Ncd6 36. Rc6 Nxe4 37. Be7 Rb8 38. Be6 Nbc3 39. Rf3 Ng5 40. Rf2 Rb1+ 41. Kh2 Nge4 42. Rf3 b5 43. Rfxc3 Nxc3 44. Bd6 b4 45. Bxb8 b3 46. Rc8# 1-0

[Event "Barcelona Sant Marti op-B 20th"]
[Site "Barcelona"]
[Date "2018.07.21"]
[Round "9"]
[White "Marzo Ruiz, Xavier"]
[Black "Jimenez Molina, Victor"]
[Result "1-0"]
[WhiteElo "1417"]
[BlackElo "1710"]
[PlyCount "67"]
[EventDate "2018.07.13"]
[EventType "swiss"]
[EventRounds "9"]
[EventCountry "ESP"]
[SourceTitle "EXT 2019"]
[Source "ChessBase"]
[SourceDate "2018.10.10"]
[SourceVersion "1"]
[SourceVersionDate "2018.10.10"]
[SourceQuality "1"]

1. e4 e5 2. Nf3 Nc6 3. Bb5 a6 4. Ba4 Nf6 5. 0-0 b5 6. Bb3 Bc5 7. c3 d6 8. d4 Bb6 9. h3 Bb7 10. Re1 Qd7 11. Qd3 0-0-0 12. Nbd2 exd4 13. cxd4 Nb4 14. Qc3 Ba5 15. a3 Nc6 16. Qe3 Rhe8 17. Bc2 Nxe4 18. b4 Nxd2 19. Qxd2 Rxe1+ 20. Qxe1 Bb6 21. Bb2 Ne7 22. Ng5 h6 23. Ne4 Re8 24. Qc3 Nd5 25. Qf3 f5 26. Nc5 dxc5 27. Bxf5 Re6 28. Qg4 Kb8 29. Bxe6 Qe7 30. dxc5 h5 31. Qxg7 Qxe6 32. cxb6 Qxb6 33. Qh8+ Ka7 34. Bd4 1-0

[Event "Barcelona Sant Marti op-B 19th"]
[Site "Barcelona"]
[Date "2017.07.16"]
[Round "4"]
[White "Sanchez Rodriguez, Raul"]
[Black "Jimenez Molina, Victor"]
[Result "0-1"]
[WhiteElo "1228"]
[BlackElo "1646"]
[PlyCount "46"]
[EventDate "2017.07.13"]
[EventType "swiss"]
[EventRounds "9"]
[EventCountry "ESP"]
[SourceTitle "EXT 2018"]
[Source "ChessBase"]
[SourceDate "2017.10.13"]
[SourceVersion "1"]
[SourceVersionDate "2017.10.13"]
[SourceQuality "1"]

1. e4 c5 2. Nc3 e6 3. d3 Nc6 4. g3 d5 5. exd5 exd5 6. Bg2 Be6 7. Nf3 Be7 8. 0-0 h6 9. Rb1 Nf6 10. a3 0-0 11. Bd2 Rc8 12. Na2 d4 13. Nc1 Nd5 14. Na2 Nb6 15. Nc1 c4 16. dxc4 Nxc4 17. Qe2 Nxd2 18. Nxd2 Qc7 19. Ncb3 Bf6 20. Bxc6 Qxc6 21. Nf3 Bh3 22. Nbxd4 Bxd4 23. Nxd4 Qg2# 0-1

[Event "Barcelona Tres Peons-F 46th"]
[Site "Barcelona"]
[Date "2017.06.02"]
[Round "7.4"]
[White "Jimenez Molina, Victor"]
[Black "Bertrand, Sjors"]
[Result "1-0"]
[WhiteElo "1618"]
[BlackElo "1700"]
[PlyCount "119"]
[EventDate "2017.04.21"]
[EventType "swiss"]
[EventRounds "9"]
[EventCountry "ESP"]
[SourceTitle "EXT 2024"]
[Source "ChessBase"]
[SourceDate "2023.10.10"]
[SourceVersion "1"]
[SourceVersionDate "2023.10.10"]
[SourceQuality "1"]

1. e4 e5 2. Nf3 Nc6 3. Bb5 Nf6 4. 0-0 a6 5. Bxc6 bxc6 6. Nxe5 Bc5 7. d4 Ba7 8. c4 0-0 9. Nc3 h6 10. Re1 Bb7 11. Be3 Re8 12. c5 d6 13. cxd6 cxd6 14. Nxf7 Kxf7 15. Qb3+ Kf8 16. Qxb7 Ng4 17. Rad1 c5 18. dxc5 Qh4 19. h3 Nxe3 20. Rxe3 Bxc5 21. Rf3+ Kg8 22. Rf7 Ra7 23. Rxg7+ Kh8 24. Qc6 Qxf2+ 25. Kh1 Rxg7 26. Qxe8+ Kh7 27. g4 Qg3 28. Qh5 Qf3+ 29. Kh2 Rg5 30. Qh4 Bf2 31. Rf1 Qf4+ 32. Kg2 Bxh4 33. Rxf4 Rg7 34. Kf3 h5 35. Rf5 hxg4+ 36. hxg4 Kg6 37. Nd5 Rb7 38. b3 a5 39. Nf4+ Kg7 40. Rxa5 Rb6 41. Ra7+ Kh6 42. Ra5 Be1 43. Ra8 Rc6 44. Nd5 Rc2 45. b4 Kg5 46. Rg8+ Kh4 47. a4 Rf2+ 48. Ke3 Kg3 49. Kd3 Rd2+ 50. Kc4 Re2 51. Nc3 Rc2 52. Kd5 Bxc3 53. Kxd6 Bxb4+ 54. Kd5 Ra2 55. g5 Rxa4 56. g6 Kf4 57. g7 Ra5+ 58. Kc4 Ra4 59. Kb5 Ra5+ 60. Kxb4 1-0

[Event "Barcelona Tres Peons-F 46th"]
[Site "Barcelona"]
[Date "2017.05.19"]
[Round "5.4"]
[White "Casabona Fina, David"]
[Black "Jimenez Molina, Victor"]
[Result "0-1"]
[WhiteElo "1700"]
[BlackElo "1618"]
[PlyCount "72"]
[EventDate "2017.04.21"]
[EventType "swiss"]
[EventRounds "9"]
[EventCountry "ESP"]
[SourceTitle "EXT 2024"]
[Source "ChessBase"]
[SourceDate "2023.10.10"]
[SourceVersion "1"]
[SourceVersionDate "2023.10.10"]
[SourceQuality "1"]

1. d4 Nf6 2. c4 e6 3. g3 c5 4. Bg2 cxd4 5. Nf3 Bc5 6. 0-0 Nc6 7. a3 a5 8. b3 d5 9. Bf4 dxc4 10. bxc4 Qe7 11. Ne5 0-0 12. Bxc6 bxc6 13. Nxc6 Qb7 14. Nxd4 Rd8 15. e3 Bxd4 16. exd4 e5 17. Bxe5 Bh3 18. d5 Nxd5 19. cxd5 Rxd5 20. Qf3 Bxf1 21. Nc3 Bc4 22. Rb1 Qd7 23. Nxd5 Bxd5 24. Qd1 Re8 25. Rb8 Rxb8 26. Bxb8 Qb7 27. Bf4 h6 28. h4 Bf3 29. Qe1 Qd7 30. Kh2 Bc6 31. Qg1 Qe7 32. Bc1 Qe4 33. g4 h5 34. Kh3 Qf3+ 35. Qg3 hxg4+ 36. Kh2 Qh1# 0-1